[Event "Frankfurt Ch A 2016"]
[Site "Ffm-Höchst, BiKuZ"]
[Date "2016.06.06"]
[Round "6.22"]
[White "Kuhn, Gerhard"]
[Black "Diehl, Stefan"]
[Result "1-0"]
[WhiteElo "1901"]
[BlackElo "1699"]
[PlyCount "81"]
[EventDate "2016.??.??"]
[WhiteTeam "SK Marburg"]
[BlackTeam "SC Höchst"]

1. e4 d5 2. exd5 Qxd5 3. Nc3 Qd6 4. d4 Nf6 5. Bd3 c6 6. Nge2 g6 7. Bf4 Qd8 8.
O-O Bg7 9. Qd2 O-O 10. Ne4 Nxe4 11. Bxe4 Nd7 12. Rad1 Nf6 13. Bd3 Bg4 14. c3
Qa5 15. a3 Rad8 16. h3 Be6 17. b4 Qd5 18. Bc7 Rc8 19. Nf4 Qd7 20. Nxe6 Qxe6 21.
Rfe1 Qd7 22. Be5 e6 23. a4 Ne8 24. Qe2 Nf6 25. a5 Nd5 26. Qd2 b6 27. Bxg7 Kxg7
28. axb6 axb6 29. Ra1 Ra8 30. Be4 Qd6 31. Bf3 b5 32. g3 Nb6 33. h4 Ra4 34. h5
Rfa8 35. Rxa4 Rxa4 36. Kg2 Nc4 37. Qc1 f6 38. hxg6 hxg6 39. Rh1 g5 40. Rh2 Qe7
41. Qh1 1-0

[Event "Frankfurt Ch A 2016"]
[Site "Ffm-Höchst, BiKuZ"]
[Date "2016.06.06"]
[Round "6.23"]
[White "Beinrucker, Clemens"]
[Black "Benikhis, Avram"]
[Result "1-0"]
[WhiteElo "1899"]
[BlackElo "1782"]
[PlyCount "47"]
[EventDate "2016.??.??"]
[WhiteTeam "SK Niederbrechen"]
[BlackTeam "SC Eschbach"]

1. e4 c5 2. Nc3 Nc6 3. f4 d6 4. Nf3 e5 5. fxe5 dxe5 6. Bb5 Bd6 7. Bxc6+ bxc6 8.
d3 Ba6 9. b3 Ne7 10. O-O Ng6 11. Ba3 Bb5 12. Ne2 O-O 13. c4 Ba6 14. Nc3 Qe7 15.
Qe1 Rad8 16. Rd1 Bc8 17. Na4 Bg4 18. Qe3 Bxf3 19. Rxf3 Nh4 20. Rff1 f5 21. Bxc5
f4 22. Qf2 Ng6 23. Bxa7 f3 24. g3 1-0

[Event "Frankfurt Ch A 2016"]
[Site "Ffm-Höchst, BiKuZ"]
[Date "2016.06.06"]
[Round "6.24"]
[White "Schmidt, Markus"]
[Black "Bittner, Peter"]
[Result "1-0"]
[WhiteElo "2013"]
[BlackElo "1713"]
[PlyCount "95"]
[EventDate "2016.??.??"]
[WhiteTeam "SK Turm Bad Hersfeld"]
[BlackTeam "SC Nied"]

1. Nf3 Nf6 2. g3 g6 3. Bg2 Bg7 4. O-O d6 5. c4 O-O 6. d4 Bd7 7. Nc3 Qc8 8. e4
Nc6 9. Re1 e5 10. dxe5 dxe5 11. Nd5 Bg4 12. h3 Bxf3 13. Qxf3 Nxd5 14. cxd5 Nd4
15. Qd3 c5 16. Be3 Qd7 17. Rac1 Rac8 18. f4 b6 19. b4 exf4 20. gxf4 Qa4 21.
bxc5 bxc5 22. Qc4 Qd7 23. Rb1 a6 24. a4 Qe7 25. e5 Qh4 26. Bxd4 Qxf4 27. Re4
Qg3 28. Bf2 Qg5 29. Rbe1 Rfe8 30. e6 fxe6 31. Rxe6 Rf8 32. d6 Kh8 33. d7 Rcd8
34. Bh4 Qd2 35. Re8 Rxd7 36. Rxf8+ Bxf8 37. Bf6+ Rg7 38. Bxg7+ Kxg7 39. Qe6 Bd6
40. Rf1 c4 41. Qf7+ Kh6 42. Qf3 c3 43. Rd1 Bc5+ 44. Kh1 Qb2 45. Qf4+ g5 46.
Qf6+ Kh5 47. Qf3+ Kh6 48. Qc6+ 1-0

[Event "Frankfurt Ch A 2016"]
[Site "Ffm-Höchst, BiKuZ"]
[Date "2016.06.06"]
[Round "6.25"]
[White "Weiland, Thomas"]
[Black "Zimpfer, Andreas"]
[Result "0-1"]
[WhiteElo "1673"]
[BlackElo "1894"]
[PlyCount "110"]
[EventDate "2016.??.??"]
[WhiteTeam "SV Oberursel"]
[BlackTeam "SC Matt im Park"]

1. e4 c5 2. Nf3 d6 3. Nc3 a6 4. a4 Nf6 5. Bc4 e6 6. d3 Be7 7. O-O O-O 8. Bd2
Nc6 9. Re1 d5 10. exd5 exd5 11. Ba2 h6 12. h3 b6 13. Ne5 Nxe5 14. Rxe5 Bd6 15.
Re1 Bc7 16. Ne2 Bb7 17. Bf4 b5 18. Bxc7 Qxc7 19. c3 Rfd8 20. Bb1 d4 21. axb5
axb5 22. Rxa8 Bxa8 23. cxd4 cxd4 24. Ng3 Qb7 25. Ne4 Nd5 26. Qg4 b4 27. Nc5 Qc6
28. Nb3 Nf4 29. f3 Ne6 30. Rc1 Qd6 31. Re1 Bd5 32. Nd2 b3 33. Ne4 Qb4 34. Qg3
Kh8 35. Qf2 Rc8 36. Qd2 Qb6 37. Rc1 Rc7 38. Ng3 Kg8 39. Kf2 Qb8 40. Ne2 Qc8 41.
Rxc7 Qxc7 42. Ng3 Kh7 43. Nf1 Qa7 44. Qc1 g5 45. g3 Qd7 46. Nd2 Kg6 47. Qe1 h5
48. Nc4 f6 49. Qd2 g4 50. hxg4 hxg4 51. fxg4 Qh7 52. Qd1 Qh2+ 53. Ke1 Qxg3+ 54.
Kf1 Nf4 55. g5 Bg2+ 0-1

[Event "Frankfurt Ch A 2016"]
[Site "Ffm-Höchst, BiKuZ"]
[Date "2016.06.06"]
[Round "6.26"]
[White "Thomele, Michael"]
[Black "John, Volkmar"]
[Result "1-0"]
[WhiteElo "1885"]
[BlackElo "1625"]
[PlyCount "85"]
[EventDate "2016.??.??"]
[WhiteTeam "SC Obernau"]
[BlackTeam "SK Herborn"]

1. e4 e5 2. Nf3 Nc6 3. d4 exd4 4. Nxd4 Bc5 5. Nb3 Bb6 6. Nc3 d6 7. Be2 Nf6 8.
Bg5 Be6 9. O-O h6 10. Bh4 g5 11. Bg3 Qd7 12. Bb5 O-O-O 13. a4 Bxb3 14. cxb3 Qg4
15. Bxc6 bxc6 16. Qxg4+ Nxg4 17. b4 Bd4 18. Rad1 Be5 19. Bxe5 Nxe5 20. b5 c5
21. Nd5 Rhe8 22. Rfe1 Nc4 23. b3 Nb6 24. Nc3 Re5 25. f3 Rde8 26. Kf2 c4 27. a5
Nd7 28. b4 Nf6 29. Rd4 d5 30. Nxd5 Nxd5 31. Rxd5 Rxd5 32. exd5 Rxe1 33. Kxe1
Kd7 34. Kd2 Kd6 35. Kc3 Kxd5 36. g4 Ke5 37. Kxc4 Kf4 38. Kc5 Kxf3 39. Kc6 Kxg4
40. Kxc7 f5 41. b6 axb6 42. a6 f4 43. a7 1-0

[Event "Frankfurt Ch A 2016"]
[Site "Ffm-Höchst, BiKuZ"]
[Date "2016.06.06"]
[Round "6.27"]
[White "Rauscher, Joachim"]
[Black "Schmitt, Roland"]
[Result "1-0"]
[WhiteElo "1697"]
[BlackElo "1881"]
[PlyCount "73"]
[EventDate "2016.??.??"]
[WhiteTeam "SC Brett vorm Kopp"]
[BlackTeam "SK Großsachsen"]

1. e4 c5 2. Nf3 d6 3. d4 cxd4 4. Nxd4 Nf6 5. Nc3 g6 6. Be3 Bg7 7. f3 O-O 8. Qd2
Nc6 9. Bc4 Bd7 10. O-O-O Ne5 11. Bb3 Qa5 12. h4 Rfc8 13. g4 Nc4 14. Bxc4 Rxc4
15. h5 Rac8 16. Nb3 Qa6 17. hxg6 fxg6 18. Bh6 Rxc3 19. bxc3 Bh8 20. e5 Be6 21.
exf6 Bxf6 22. Kb1 Rxc3 23. Be3 Qc6 24. Bd4 Bxd4 25. Qxd4 Qxf3 26. Rdf1 Qc6 27.
Qf2 Qc8 28. g5 Bf5 29. Nd4 e6 30. Nxf5 gxf5 31. Qh2 Qc7 32. g6 Qb6+ 33. Ka1 Rc7
34. gxh7+ Kh8 35. Qd2 Qc5 36. Rfg1 Qe5+ 37. Kb1 1-0

[Event "Frankfurt Ch A 2016"]
[Site "Ffm-Höchst, BiKuZ"]
[Date "2016.06.06"]
[Round "6.28"]
[White "Kretner, Georg-Ulrich"]
[Black "Zerhusen, Martin"]
[Result "1-0"]
[WhiteElo "1880"]
[BlackElo "1684"]
[PlyCount "43"]
[EventDate "2016.??.??"]
[WhiteTeam "SC Bad Nauheim"]
[BlackTeam "SV Oberursel"]

1. d4 d5 2. c4 c6 3. Nf3 Nf6 4. Nc3 e6 5. e3 Be7 6. Bd3 O-O 7. O-O b6 8. Qe2
Bb7 9. Rd1 Nbd7 10. cxd5 Nxd5 11. e4 Nxc3 12. bxc3 Re8 13. e5 Nf8 14. Qe4 Ng6
15. Qg4 Rc8 16. Ng5 Qc7 17. h4 Bxg5 18. Bxg5 c5 19. h5 Nf8 20. Bf6 g6 21. Qg5
Qc6 22. f3 1-0

[Event "Frankfurt Ch A 2016"]
[Site "Ffm-Höchst, BiKuZ"]
[Date "2016.06.06"]
[Round "6.29"]
[White "Makilla, Tobias"]
[Black "Adair, Robin"]
[Result "1-0"]
[WhiteElo "1864"]
[BlackElo "1647"]
[PlyCount "97"]
[EventDate "2016.??.??"]
[WhiteTeam "SC Hattersheim"]
[BlackTeam "SC Nidderau"]

1. e4 c5 2. f4 Nc6 3. Nf3 d6 4. Bc4 e6 5. Nc3 a6 6. a4 g6 7. O-O Bg7 8. d3 Nge7
9. Qe1 Nd4 10. Nxd4 cxd4 11. Ne2 Rb8 12. Qf2 Nc6 13. f5 Qf6 14. Qg3 Qe7 15. Nf4
Be5 16. fxe6 Bxe6 17. Bxe6 fxe6 18. Qg4 Rf8 19. Bd2 Bxf4 20. Bxf4 Kd7 21. Bh6
Rxf1+ 22. Rxf1 Ne5 23. Qg3 Nf7 24. Bg7 Rc8 25. Bf6 Qe8 26. Bxd4 Rxc2 27. Bc3
Kc7 28. Qf3 Ne5 29. Qd1 Rxc3 30. bxc3 Qe7 31. d4 Nc4 32. Qf3 Qg5 33. Qf4 Qa5
34. Qf7+ Kc6 35. Qe8+ Kb6 36. Qd8+ Ka7 37. Qxa5 Nxa5 38. Rf6 Nc4 39. Rxe6 Kb8
40. Re8+ Kc7 41. Re7+ Kc8 42. Rxh7 Nb6 43. a5 Nc4 44. Rg7 Nxa5 45. Rxg6 Kd7 46.
h4 Nc6 47. h5 a5 48. h6 a4 49. h7 1-0

[Event "Frankfurt Ch A 2016"]
[Site "Ffm-Höchst, BiKuZ"]
[Date "2016.06.06"]
[Round "6.30"]
[White "Ackermann, Robert"]
[Black "Göbel, Andreas"]
[Result "0-1"]
[WhiteElo "1658"]
[BlackElo "1864"]
[PlyCount "92"]
[EventDate "2016.??.??"]
[WhiteTeam "SC Bad Soden"]
[BlackTeam "SC Brett vorm Kopp"]

1. d4 Nf6 2. Nf3 d5 3. c4 e6 4. Nc3 Be7 5. e3 O-O 6. Bd3 c6 7. O-O Nbd7 8. Qe2
dxc4 9. Bxc4 b5 10. Bd3 Bb7 11. a3 a6 12. Bd2 c5 13. dxc5 Nxc5 14. Bc2 Rc8 15.
Rac1 Qb6 16. e4 a5 17. Be3 b4 18. Bxc5 Qxc5 19. Na4 Qh5 20. axb4 Bxb4 21. Bd3
Qg4 22. h3 Qf4 23. Rxc8 Rxc8 24. g3 Qc7 25. b3 Qc6 26. Nd4 Qd7 27. Nb5 Rd8 28.
Nb2 Bxe4 29. Bxe4 Nxe4 30. Rd1 Nd2 31. Kg2 g6 32. Rc1 Qd5+ 33. f3 Qxb3 34. Nd1
Qd3 35. Qxd3 Rxd3 36. f4 Ne4 37. g4 Rg3+ 38. Kh2 Rf3 39. Nd4 Rxf4 40. Nc6 Nf6
41. Ne3 Bd2 42. Rd1 Bxe3 43. Rd8+ Kg7 44. g5 Rf2+ 45. Kg3 Ne4+ 46. Kg4 Rf4# 0-1

[Event "Frankfurt Ch A 2016"]
[Site "Ffm-Höchst, BiKuZ"]
[Date "2016.06.06"]
[Round "6.31"]
[White "Merten, Rainer"]
[Black "Brehme, Ralf-Peter"]
[Result "1-0"]
[WhiteElo "1663"]
[BlackElo "1856"]
[PlyCount "71"]
[EventDate "2016.??.??"]
[WhiteTeam "SV Frankfurt Nord"]
[BlackTeam "Vorw.Orient Mainz"]

1. d4 f5 2. Nf3 Nf6 3. c4 g6 4. Nc3 Bg7 5. e3 O-O 6. Be2 d6 7. O-O Qe8 8. b4 c6
9. Bb2 Na6 10. Qb3 Kh8 11. a4 Be6 12. Qa3 Rc8 13. Rfd1 h6 14. Rac1 g5 15. d5
Bd7 16. dxc6 bxc6 17. c5 Nb8 18. cxd6 e5 19. b5 f4 20. bxc6 Bxc6 21. Bb5 g4 22.
Bxc6 Rxc6 23. Nd2 Qg6 24. exf4 exf4 25. Nb5 Rxc1 26. Rxc1 a6 27. Nc7 Ne8 28.
Bxg7+ Kxg7 29. Qb2+ Qf6 30. Qxb8 Nxd6 31. Qb3 Kg6 32. Qd3+ Kh5 33. Nxa6 g3 34.
Qf3+ Kg6 35. hxg3 Nf5 36. Rc6 1-0

[Event "Frankfurt Ch A 2016"]
[Site "Ffm-Höchst, BiKuZ"]
[Date "2016.06.06"]
[Round "6.32"]
[White "Varma, Christopher"]
[Black "Zimmer, Gerald"]
[Result "1/2-1/2"]
[WhiteElo "1655"]
[BlackElo "1854"]
[PlyCount "95"]
[EventDate "2016.??.??"]
[WhiteTeam "SC Bad Nauheim"]
[BlackTeam "SC Bergen-Enkheim"]

1. e4 e6 2. d4 d5 3. Nc3 Bb4 4. e5 Qd7 5. Bd2 b6 6. Qg4 f5 7. Qh5+ g6 8. Qh4
Ba6 9. Bxa6 Nxa6 10. Nge2 Be7 11. Bg5 Nb4 12. Rc1 a6 13. a3 Nc6 14. b4 Na7 15.
O-O h6 16. Bxe7 Qxe7 17. Qh3 g5 18. Nd1 b5 19. Nb2 Nc8 20. Nd3 Nb6 21. Nc5 h5
22. Nc3 Nc4 23. Nxd5 exd5 24. Qxf5 Rh6 25. Rfd1 c6 26. Rd3 Nb6 27. Re1 Ra7 28.
Rg3 g4 29. h3 Qf7 30. Qg5 Qg6 31. Qd2 Nc4 32. Qc1 Ne7 33. hxg4 hxg4 34. Qf4 Qh5
35. Kf1 Ng6 36. Qxg4 Nd2+ 37. Ke2 Qxg4+ 38. Rxg4 Nc4 39. f4 Kf7 40. f5 Nh4 41.
Rh1 Nxf5 42. Rf1 Nce3 43. Rgf4 Nxf1 44. Rxf5+ Kg6 45. Rxf1 Rh2 46. Rf2 Rah7 47.
e6 Re7 48. Kf3 1/2-1/2

[Event "Frankfurt Ch A 2016"]
[Site "Ffm-Höchst, BiKuZ"]
[Date "2016.06.06"]
[Round "6.33"]
[White "Hochmuth, Christian"]
[Black "Bergner, Matthias"]
[Result "1-0"]
[WhiteElo "1839"]
[BlackElo "1571"]
[PlyCount "103"]
[EventDate "2016.??.??"]
[WhiteTeam "SG Wächtersbach"]
[BlackTeam "SV Neu-Isenburg"]

1. c4 g6 2. Nc3 Bg7 3. e4 d6 4. g3 Nf6 5. d4 O-O 6. Bg2 e5 7. Nge2 exd4 8. Nxd4
Re8 9. O-O Nbd7 10. Rb1 Nc5 11. f3 Ne6 12. Nc2 b6 13. Re1 Bb7 14. Ne3 Nd7 15.
Ne2 a5 16. b3 Ndc5 17. Bb2 Bxb2 18. Rxb2 Qf6 19. Rc2 Rad8 20. Nd5 Bxd5 21. cxd5
Nf8 22. Nd4 Rc8 23. a3 Nfd7 24. b4 axb4 25. axb4 Na6 26. Qd2 Ne5 27. f4 Nd7 28.
Bh3 Nab8 29. Nc6 Nxc6 30. dxc6 Nf8 31. Bxc8 Rxc8 32. Qc3 Qxc3 33. Rxc3 Ra8 34.
e5 dxe5 35. Rxe5 Ne6 36. Rd5 Ra1+ 37. Kg2 Rb1 38. Rc4 Kf8 39. g4 h6 40. f5 Rb2+
41. Kf1 gxf5 42. gxf5 Ng7 43. Rf4 Ne8 44. Rd7 Rxh2 45. f6 Rc2 46. b5 Rc5 47.
Rd8 Rxb5 48. Re4 Rf5+ 49. Kg2 Rxf6 50. Rdxe8+ Kg7 51. Rg4+ Kh7 52. Rc4 1-0

[Event "Frankfurt Ch A 2016"]
[Site "Ffm-Höchst, BiKuZ"]
[Date "2016.06.06"]
[Round "6.34"]
[White "Klamser, Dietmar"]
[Black "Höche, Alexander"]
[Result "0-1"]
[WhiteElo "1809"]
[BlackElo "1276"]
[PlyCount "106"]
[EventDate "2016.??.??"]
[WhiteTeam "SC Groß-Umstadt"]
[BlackTeam "vereinslos"]

1. e4 c5 2. Nf3 d6 3. d4 cxd4 4. Nxd4 Nf6 5. Nc3 g6 6. Bc4 Bg7 7. f3 O-O 8. Be3
Nc6 9. Qd2 Bd7 10. O-O-O Rc8 11. Bb3 a6 12. Nxc6 Rxc6 13. Bh6 b5 14. Bxg7 Kxg7
15. Kb1 Qb6 16. g4 Be6 17. Bxe6 fxe6 18. h4 Qc5 19. Rc1 Nd7 20. Ne2 Nb6 21. Nd4
Nc4 22. Qd3 Qe5 23. c3 Rc5 24. b3 Nb6 25. Qe3 Nd5 26. Qd2 Nf4 27. Rhe1 a5 28.
Rc2 h6 29. Re3 Kf7 30. Re1 Rh8 31. Re3 g5 32. h5 Rc7 33. Ne2 Ng2 34. Rd3 Rf8
35. Nd4 Nh4 36. Re3 Ke8 37. Qd3 Rc5 38. b4 Rc4 39. bxa5 Kd7 40. Rb2 Rb8 41.
Nxb5 Qc5 42. Nd4 Rxb2+ 43. Kxb2 Ng2 44. Nb3 Qc8 45. a6 Nf4 46. Qd2 Ra4 47. e5
Rxa6 48. Qd4 Qb7 49. exd6 Rxd6 50. Qb4 Qxb4 51. cxb4 Nd5 52. Nc5+ Kc6 53. a3
Nxe3 0-1

[Event "Frankfurt Ch A 2016"]
[Site "Ffm-Höchst, BiKuZ"]
[Date "2016.06.06"]
[Round "6.35"]
[White "Bratmann, Marc"]
[Black "Gutacker, Stephan"]
[Result "0-1"]
[WhiteElo "1601"]
[BlackElo "1777"]
[PlyCount "106"]
[EventDate "2016.??.??"]
[WhiteTeam "TuS Dotzheim"]
[BlackTeam "Sfr. Kelkheim"]

1. e4 e5 2. Nc3 Nc6 3. g3 Nf6 4. Bg2 Bc5 5. Nge2 a6 6. O-O d6 7. h3 O-O 8. d3
h6 9. Kh2 Nh7 10. f4 exf4 11. Nxf4 Nd4 12. Nce2 Bd7 13. c3 Nxe2 14. Qxe2 c6 15.
d4 Ba7 16. Be3 Qe7 17. Qc2 Ng5 18. Rae1 Ne6 19. Qd2 Nxf4 20. Rxf4 f6 21. Qe2
Qf7 22. b3 Rae8 23. Qd3 Re7 24. Bd2 Rfe8 25. Rf3 Qg6 26. Rfe3 Bb8 27. Qf1 h5
28. d5 Ba7 29. R3e2 Qh7 30. c4 Bd4 31. Qf4 Be5 32. Qf2 g5 33. Kg1 Rg7 34. Rf1
c5 35. b4 b6 36. bxc5 bxc5 37. Rb1 Rf8 38. Qe1 f5 39. exf5 Bxf5 40. Rb6 Bd3 41.
Rxe5 dxe5 42. Qxe5 Bxc4 43. Bxg5 Qf5 44. Qxf5 Rxf5 45. Bh6 Re7 46. d6 Re1+ 47.
Kh2 Rf7 48. Rb8+ Kh7 49. Bf4 Re2 50. Rc8 Bd5 51. Kg1 Rxg2+ 52. Kf1 Rxa2 53.
Rxc5 Rb7 0-1

[Event "Frankfurt Ch A 2016"]
[Site "Ffm-Höchst, BiKuZ"]
[Date "2016.06.06"]
[Round "6.36"]
[White "Hambel, Christoph"]
[Black "Kautz, Thomas"]
[Result "1/2-1/2"]
[WhiteElo "1543"]
[BlackElo "1714"]
[PlyCount "47"]
[EventDate "2016.??.??"]
[WhiteTeam "Bad Vilbeler Sfr"]
[BlackTeam "SK Niederbrechen"]

1. c4 g6 2. Nc3 Bg7 3. e4 d6 4. d3 Nf6 5. f4 O-O 6. Nf3 c5 7. Bd2 Nc6 8. Be2 b6
9. O-O e6 10. Rb1 Bb7 11. Be1 a6 12. Bh4 Qc7 13. h3 Nd4 14. g4 Nd7 15. Bg3 b5
16. Qd2 b4 17. Nd1 f5 18. Nf2 Nxf3+ 19. Bxf3 e5 20. g5 Rf7 21. Nd1 Raf8 22.
exf5 Rxf5 23. Bg4 Qc6 24. Bf3 1/2-1/2

[Event "Frankfurt Ch A 2016"]
[Site "Ffm-Höchst, BiKuZ"]
[Date "2016.06.06"]
[Round "6.37"]
[White "Götting, Ulrich"]
[Black "Worzelberger, Armin"]
[Result "1-0"]
[WhiteElo "1652"]
[BlackElo "1810"]
[PlyCount "79"]
[EventDate "2016.??.??"]
[WhiteTeam "SC Bad Soden"]
[BlackTeam "SC Grunbach"]

1. c4 e5 2. Nc3 f5 3. d3 Nc6 4. Nf3 Be7 5. g3 Nf6 6. Bg2 O-O 7. e3 a6 8. O-O
Rb8 9. b3 d6 10. Bb2 Re8 11. Qd2 h6 12. Nh4 Kh7 13. f4 Ng4 14. Nf3 exf4 15.
gxf4 Bf6 16. Rae1 Bh4 17. Re2 Bd7 18. Nd5 Ne7 19. Nxc7 Qxc7 20. Nxh4 Ng6 21.
Nxg6 Kxg6 22. Bd4 Re7 23. h3 Nf6 24. Bf3 Rbe8 25. Rg2+ Kh7 26. Kh2 Bc6 27. Bxc6
bxc6 28. Bxf6 gxf6 29. Re2 d5 30. cxd5 cxd5 31. d4 Rc8 32. Qd3 Re4 33. Rff2 Qc1
34. Rc2 Qe1 35. Rfe2 Rxc2 36. Qxc2 Qb4 37. Qc8 Rxe3 38. Qxf5+ Kg7 39. Qg4+ Kf8
40. Rxe3 1-0

[Event "Frankfurt Ch A 2016"]
[Site "Ffm-Höchst, BiKuZ"]
[Date "2016.06.06"]
[Round "6.38"]
[White "Kiel, Gerhard"]
[Black "Neubauer, Robert"]
[Result "0-1"]
[WhiteElo "1466"]
[BlackElo "1773"]
[PlyCount "94"]
[EventDate "2016.??.??"]
[WhiteTeam "vereinslos"]
[BlackTeam "SK Bad Homburg"]

1. d4 Nf6 2. Nf3 g6 3. Nc3 d5 4. Bf4 Bg7 5. e3 O-O 6. Be2 b6 7. Ne5 Nfd7 8. h4
Nxe5 9. dxe5 Bb7 10. Bf3 c6 11. h5 Nd7 12. hxg6 hxg6 13. Bh6 Nxe5 14. Bxg7 Kxg7
15. Qd4 Qd6 16. Be2 Qf6 17. O-O-O Rh8 18. f4 Nd7 19. Bf3 Qxd4 20. exd4 Rag8 21.
g4 Nf6 22. Rde1 Kf8 23. b3 Bc8 24. g5 Nh5 25. Ne2 Bf5 26. Bxh5 Be4 27. Rh4 Rxh5
28. Rxh5 gxh5 29. Ng3 Bf3 30. Nf5 Be4 31. Ng3 Bf3 32. Nf5 e6 33. Nh4 Be4 34.
Re3 Ke7 35. Rg3 Kd6 36. b4 Rc8 37. Kd2 c5 38. bxc5+ bxc5 39. dxc5+ Rxc5 40. g6
fxg6 41. c3 Ra5 42. Nxg6 Rxa2+ 43. Ke3 Rc2 44. Rg5 Rxc3+ 45. Kd2 Rc2+ 46. Ke3
a5 47. Rxh5 Bxg6 0-1

[Event "Frankfurt Ch A 2016"]
[Site "Ffm-Höchst, BiKuZ"]
[Date "2016.06.06"]
[Round "6.39"]
[White "Schellen, Sven"]
[Black "Fischer, Lutz"]
[Result "1/2-1/2"]
[WhiteElo "1763"]
[BlackElo "1640"]
[PlyCount "70"]
[EventDate "2016.??.??"]
[WhiteTeam "SF Frankfurt"]
[BlackTeam "SF Frankfurt"]

1. d4 d6 2. c4 e5 3. Nf3 e4 4. Ng5 f5 5. d5 Be7 6. Nh3 Nd7 7. Nf4 Ne5 8. h4 Nf6
9. Bd2 O-O 10. e3 Nfg4 11. Be2 Bxh4 12. g3 Bf6 13. Nh5 Nd3+ 14. Bxd3 Bxb2 15.
Bc3 Bxc3+ 16. Nxc3 exd3 17. Qxd3 Ne5 18. Qe2 Qe7 19. Rd1 g5 20. f4 Ng4 21. Kd2
Bd7 22. Qf3 Rae8 23. Rde1 Qd8 24. e4 c6 25. Qd3 c5 26. Re2 fxe4 27. Nxe4 Bf5
28. Qc3 Rf7 29. Rhe1 Bxe4 30. Rxe4 Rxe4 31. Rxe4 Re7 32. Nf6+ Nxf6 33. Qxf6
Qa5+ 34. Kd1 Rxe4 35. Qxg5+ Kh8 1/2-1/2

[Event "Frankfurt Ch A 2016"]
[Site "Ffm-Höchst, BiKuZ"]
[Date "2016.06.06"]
[Round "6.40"]
[White "Fröhlich-Dill, Astrid"]
[Black "Staeger, Tim"]
[Result "1-0"]
[WhiteElo "1712"]
[BlackElo "1621"]
[PlyCount "43"]
[EventDate "2016.??.??"]
[WhiteTeam "SV Hofheim"]
[BlackTeam "SF Frankfurt"]

1. d4 Nf6 2. c4 g6 3. Nc3 d5 4. Nf3 Bg7 5. Bf4 O-O 6. Qd2 Ne4 7. Qc2 Bf5 8. Qb3
Nxc3 9. bxc3 b6 10. cxd5 Be4 11. c4 Bxf3 12. Qxf3 Nd7 13. Rd1 e5 14. dxe5 Nxe5
15. Qb3 Qf6 16. e3 Rfe8 17. Be2 Rad8 18. O-O c6 19. Qa4 Qe7 20. dxc6 Qc5 21.
Bxe5 Bxe5 22. Bf3 1-0

[Event "Frankfurt Ch A 2016"]
[Site "Ffm-Höchst, BiKuZ"]
[Date "2016.06.06"]
[Round "6.41"]
[White "Hinz, André"]
[Black "Crnjac, Zdravko"]
[Result "1-0"]
[WhiteElo "1698"]
[BlackElo "1516"]
[PlyCount "109"]
[EventDate "2016.??.??"]
[WhiteTeam "SC Brett vorm Kopp"]
[BlackTeam "FV Berkersheim"]

1. c4 d6 2. g3 e6 3. Bg2 Nd7 4. Nc3 a6 5. e4 Ne7 6. Nge2 h6 7. d3 c6 8. Be3 Qc7
9. f4 g6 10. O-O Nf6 11. h3 Bg7 12. Rb1 Bd7 13. Qd2 Nh7 14. g4 f5 15. c5 d5 16.
e5 Rg8 17. d4 Bh8 18. g5 h5 19. Na4 Kf7 20. Nb6 Rad8 21. Nc3 Nc8 22. Nca4 Bg7
23. Bf3 Bf8 24. Qd1 Be7 25. h4 Nf8 26. Bd2 Qb8 27. Ba5 Re8 28. Be2 Nxb6 29.
Bxb6 Bc8 30. Rf3 Nd7 31. Rb3 Qa8 32. Qd2 Nxb6 33. Nxb6 Qa7 34. Qb4 Rd8 35. Nxc8
Rxc8 36. Qxb7 Qxb7 37. Rxb7 Rb8 38. Rxb8 Rxb8 39. b4 Ra8 40. a4 Ke8 41. Kf2 Bd8
42. Ke3 Kd7 43. Kd2 Ra7 44. Kc3 Ra8 45. Kb3 Kc7 46. b5 axb5 47. axb5 Ra5 48.
b6+ Kb7 49. Bxh5 gxh5 50. g6 Bxh4 51. g7 Ra8 52. Ra1 Rg8 53. Ra7+ Kb8 54. Rf7
Bf2 55. Rf8+ 1-0

[Event "Frankfurt Ch A 2016"]
[Site "Ffm-Höchst, BiKuZ"]
[Date "2016.06.06"]
[Round "6.42"]
[White "Stricker, Konstantin"]
[Black "Lessmann, Sven"]
[Result "1-0"]
[WhiteElo "1690"]
[BlackElo "1401"]
[PlyCount "67"]
[EventDate "2016.??.??"]
[WhiteTeam "SC Eschbach"]
[BlackTeam "SC Bad Soden"]

1. e4 d6 2. d4 Nf6 3. Nc3 g6 4. Nf3 Bg7 5. Be2 O-O 6. O-O c6 7. a3 Nbd7 8. Be3
Ng4 9. Bg5 h6 10. Bd2 e5 11. dxe5 Ndxe5 12. h3 Nxf3+ 13. Bxf3 Ne5 14. Be2 b5
15. Qc1 Qh4 16. f4 Nc4 17. Be1 Bd4+ 18. Bf2 Bxf2+ 19. Rxf2 Kg7 20. Bxc4 bxc4
21. Qf1 Rb8 22. Qxc4 Rxb2 23. Qd4+ Qf6 24. e5 Qe6 25. Ne4 Rb6 26. Nxd6 f5 27.
exf6+ Rxf6 28. Ne4 c5 29. Qxf6+ Qxf6 30. Nxf6 Kxf6 31. Rd1 Re6 32. Rfd2 Ba6 33.
Rd6 Bc4 34. Rxe6+ 1-0

[Event "Frankfurt Ch A 2016"]
[Site "Ffm-Höchst, BiKuZ"]
[Date "2016.06.06"]
[Round "6.43"]
[White "Odabasi, Siddik"]
[Black "Heun, Andreas"]
[Result "0-1"]
[WhiteElo "1393"]
[BlackElo "1662"]
[PlyCount "64"]
[EventDate "2016.??.??"]
[WhiteTeam "Frankfurter TV"]
[BlackTeam "SC Ladja Roßdorf"]

1. e4 d6 2. d4 g6 3. Nf3 Bg7 4. Be3 Nf6 5. Bd3 O-O 6. h3 a5 7. Qd2 Nbd7 8. Bh6
e5 9. Bxg7 Kxg7 10. Nc3 c6 11. a4 Nh5 12. Ne2 Re8 13. O-O-O Nhf6 14. Ng3 Rb8
15. h4 h5 16. c4 Qc7 17. Qc3 Ng4 18. Rd2 Ndf6 19. Nh2 Nxh2 20. Rxh2 Qb6 21.
dxe5 dxe5 22. Rh1 Qc5 23. f3 Be6 24. Rf1 Nd7 25. b3 b5 26. axb5 cxb5 27. Rc2
bxc4 28. Bxc4 Bxc4 29. bxc4 Rb4 30. Rd1 Nb6 31. Qa1 Rxc4 32. Qb1 Rc8 0-1

[Event "Frankfurt Ch A 2016"]
[Site "Ffm-Höchst, BiKuZ"]
[Date "2016.06.06"]
[Round "6.44"]
[White "Koellner, Ulrich"]
[Black "Spies, Wolfgang"]
[Result "0-1"]
[WhiteElo "1785"]
[BlackElo "1647"]
[PlyCount "50"]
[EventDate "2016.??.??"]
[WhiteTeam "SV Hofheim"]
[BlackTeam "Kreuznacher SV"]

1. d4 f5 2. g3 Nf6 3. Bg2 d5 4. e3 e6 5. Nd2 Bd6 6. Nh3 O-O 7. O-O c6 8. c4 a5
9. Rb1 Ne4 10. Qc2 Nd7 11. c5 Bc7 12. a3 a4 13. b4 axb3 14. Rxb3 e5 15. Nf3
exd4 16. exd4 Rf7 17. Nfg5 Re7 18. f3 Nxg5 19. Bxg5 Nf6 20. Bxf6 gxf6 21. f4
Qe8 22. Bf3 Re3 23. Kf2 Rxa3 24. Rxa3 Rxa3 25. Re1 Rxf3+ 0-1

[Event "Frankfurt Ch A 2016"]
[Site "Ffm-Höchst, BiKuZ"]
[Date "2016.06.06"]
[Round "6.46"]
[White "Rotermund, Verena"]
[Black "Koch, Thomas"]
[Result "1-0"]
[WhiteElo "1731"]
[BlackElo "1632"]
[PlyCount "83"]
[EventDate "2016.??.??"]
[WhiteTeam "Vorw.Orient Mainz"]
[BlackTeam "SV Ffm-Griesheim"]

1. e4 e6 2. d4 d5 3. Nc3 Nf6 4. e5 Nfd7 5. f4 c5 6. Nf3 Nc6 7. Be3 Be7 8. Qd2
O-O 9. O-O-O c4 10. f5 b5 11. f6 gxf6 12. Bh6 Re8 13. Qf2 Kh8 14. exf6 Bxf6 15.
Nxb5 Be7 16. Bf4 Qa5 17. Ng5 Bxg5 18. Bxg5 Qxb5 19. Qxf7 Rf8 20. Bf6+ Nxf6 21.
Qxf8+ Ng8 22. Qd6 Rb8 23. b3 Kg7 24. Qc7+ Nge7 25. Qg3+ Kh8 26. Qh4 Qb4 27.
Qf6+ Kg8 28. Qg5+ Ng6 29. h4 c3 30. Rd3 Qa3+ 31. Kd1 Qb2 32. h5 Qb1+ 33. Qc1
Qxc1+ 34. Kxc1 Nf4 35. Rf3 e5 36. dxe5 Ne6 37. Rxc3 Nxe5 38. Re3 Ng4 39. Rg3
Nf4 40. Rh4 Kf7 41. Rf3 Rb4 42. c4 1-0

[Event "Frankfurt Ch A 2016"]
[Site "Ffm-Höchst, BiKuZ"]
[Date "2016.06.06"]
[Round "6.48"]
[White "Krischak, Werner"]
[Black "Münstermann, Matthias"]
[Result "1-0"]
[WhiteElo "1694"]
[BlackElo "1529"]
[PlyCount "57"]
[EventDate "2016.??.??"]
[WhiteTeam "SK Marburg"]
[BlackTeam "SK Langen"]

1. d4 Nf6 2. Nf3 g6 3. c4 Bg7 4. Nc3 d5 5. Bf4 O-O 6. e3 c6 7. Bd3 Re8 8. Qc2
Nbd7 9. h3 Nb6 10. b3 Bd7 11. O-O Rc8 12. c5 Na8 13. b4 Nc7 14. a4 Ne6 15. Bh2
h6 16. Ne5 g5 17. b5 Nc7 18. b6 axb6 19. cxb6 Ne6 20. a5 c5 21. Nxd7 Qxd7 22.
Bb5 Qd8 23. Bxe8 Nxe8 24. Be5 cxd4 25. Bxg7 Rxc3 26. Qd2 N8xg7 27. exd4 Rc4 28.
Qb2 Rxd4 29. a6 1-0